000 00900cam a22002651 4500
001 gs 55000208
003 DLC
005 20260227111403.0
008 770317s1954 dcuab b f00010 eng c
010 _ags 55000208 //r862
040 _aU.S. Geol. Survey. Libr.
_cak
043 _an-us-ak
050 0 _aQE75
_b.C5 no. 348
051 _aQE83
_b.N4
_cCopy 2.
082 _a553.49
100 1 0 _aNelson, Arthur E.
_q(Arthur Edward),
_d1922-
245 0 0 _aReconnaissance for radioactive deposits in eastern Alaska, 1952,
_cby Arthur E. Nelson, Walter S. West, and John J. Matzko.
260 0 _aWashington,
_c1954.
300 _aii, 21 p.
_bmaps, tables.
_c27 cm.
490 1 _aUnited States. Geological Survey. Circular
_v348
504 _a"Literature cited": p. 21.
650 0 _aGeology
_zAlaska.
650 0 _aMines and mineral resources
_zAlaska.
830 0 _aGeological Survey circular ;
_v348.
999 _c28959
_d28959